Library Banner

Yearly law reporter [YLR] [Vol. XVI, YLR, 2014] (Record no. 80061)

MARC details
000 -LEADER
fixed length control field 00508nam a2200193Ia 4500
001 - CONTROL NUMBER
control field 69554
003 - CONTROL NUMBER IDENTIFIER
control field OSt
005 - DATE AND TIME OF LATEST TRANSACTION
control field 20220120130402.0
008 - FIXED-LENGTH DATA ELEMENTS--GENERAL INFORMATION
fixed length control field 151205s9999||||xx |||||||||||||| ||und||
020 ## - INTERNATIONAL STANDARD BOOK NUMBER
International Standard Book Number NA
040 ## - CATALOGING SOURCE
Transcribing agency PK-LaUMT
082 ## - DEWEY DECIMAL CLASSIFICATION NUMBER
Classification number 348.5491026
Item number YEA-
100 ## - MAIN ENTRY--PERSONAL NAME
Personal name Anwsar Khokhar, Muhammad
245 ## - TITLE STATEMENT
Title Yearly law reporter [YLR] [Vol. XVI, YLR, 2014]
Statement of responsibility, etc Anwsar Khokhar, Muhammad
260 ## - PUBLICATION, DISTRIBUTION, ETC. (IMPRINT)
Place of publication, distribution, etc Lahore,Pakistan:
Name of publisher, distributor, etc Yearly Law Reporter,
Date of publication, distribution, etc 2014
501 ## - WITH NOTE
With note 4 vols
546 ## - LANGUAGE NOTE
Language note EN
942 ## - ADDED ENTRY ELEMENTS (KOHA)
Koha item type Law and Policy Journals
Source of classification or shelving scheme Dewey Decimal Classification
Holdings
Withdrawn status Lost status Source of classification or shelving scheme Damaged status Not for loan Home library Current library Date acquired Total Checkouts Full call number Barcode Date last seen Price effective from Koha item type
    Dewey Decimal Classification     UMT Main Campus UMT Main Campus 2015-12-04   348.5491026 YEA- 96162 2015-12-05 2015-12-05 Books
    Dewey Decimal Classification     UMT Main Campus UMT Main Campus 2015-12-05   348.5491026 YEA- 96163 2015-12-05 2015-12-05 Books
    Dewey Decimal Classification     UMT Main Campus UMT Main Campus 2015-12-05   348.5491026 YEA- 96164 2015-12-05 2015-12-05 Books
    Dewey Decimal Classification     UMT Main Campus UMT Main Campus 2015-12-05   348.5491026 YEA- 96165 2015-12-05 2015-12-05 Books